| 000 | 00793cam a2200241 4500 | ||
|---|---|---|---|
| 001 | ##D15301 | ||
| 008 | 090401t1982 xxu||||| |||| 00| 0 eng d | ||
| 035 | _a(Sirsi) u21767 | ||
| 041 | 0 | _aeng | |
| 050 | 0 | 4 | _a331.2166 $2 18 |
| 090 | _aRICS 1982/35ABC | ||
| 110 | 2 |
_aRoyal Institution of Chartered Surveyors _94900 |
|
| 245 | 0 | 0 |
_aDHSS/RICS standard conditions of engagement _bscale of professional charges for quantity surveying commissions in NHS _beffective from 24 August 1981 |
| 260 |
_aLondon _bSurveyors Technical Services _c1982 |
||
| 300 |
_a35p. _c21cm |
||
| 490 | 0 | _aRICS Conditions of Engagement | |
| 490 | 0 | _aRICS Fee Scales | |
| 490 | 0 | _aRICS Stationery | |
| 651 | 4 |
_aEngland and Wales _y1543- |
|
| 690 |
_aQuantity surveying _96263 |
||
| 942 | _n0 | ||
| 948 | _c04/03/1997 | ||
| 999 |
_c88054 _d88054 |
||